Statistics for Answers Contain "Jesus"

Click here to take the quiz!

General Stats

  • This quiz has been taken 61 times
  • The average score is 5 of 16

Answer Stats

HintAnswer% Correct
1970 Andrew Lloyd Webber musical (or 1973 film)Jesus Christ Superstar
79%
The King James Bible's shortest verse (John 11:35){Jesus} {wept}
77%
Also known as the LDS Church or Mormon ChurchChurch of Jesus Christ of Latter-Day Saints
51%
1966: What John Lennon said the Beatles were{More} {popular} {than} {Jesus}
44%
1989 Depeche Mode songPersonal Jesus
33%
Rock band formed in 1987 (or reptile that can run on water)The Jesus Lizard
33%
Rock band formed in 1988 with song "Right Here, Right Now"Jesus Jones
28%
Rock band formed in 1983 with debut album PsychocandyThe Jesus and Mary Chain
25%
2005 single by Green Day from American IdiotJesus of {Suburbia}
21%
2004 Kanye West song from The College DropoutJesus Walks
21%
2019 Kanye West album, his ninthJesus is {King}
18%
2000 Everlast song{Black} Jesus
14%
1995 DC Talk album or songJesus {Freak}
14%
1994: Nirvana covers this Vaselines song on UnpluggedJesus {Doesn't} {Want} {Me} {for} {a} {Sunbeam}
11%
1998: Big Lebowski character played by John TurturroJesus {Quintana}
9%
2020 film with John Turturro's character from The Big LebowskiThe Jesus {Rolls}
5%

Score Distribution

Percentile by Number Answered

Percent of People with Each Score

Your Score History

You have not taken this quiz